Le prénom Pierre dans d'autres langues - Statistiques

Statistiques générales
  • Ce quiz a été pris 40 fois
  • Le résultat moyen est 4 sur 27
Statistiques - réponses
Hint Réponse % Correct
Espagnol Pedro
50%
Italien Pietro
47%
Russe Piotr
47%
Anglais Peter
42%
Arabe Boutros
28%
Portugais Pedro
25%
Grec Petros
25%
Allemand Peter
22%
Polonais Piotr
22%
Estonien Peeter
14%
Tchèque Petr
14%
Irlandais Peadar
11%
Espéranto Petro
11%
Finnois Pietari
11%
Letton Peteris
8%
Lituanien Petras
8%
Albanais Pjeter
8%
Catalan Pere
6%
Corse Petru
6%
Occitan Peyre
6%
Néerlandais Pieter
6%
Breton Per
3%
Serbe Petar
3%
Hongrois Peter
3%
Norvégien Petter
3%
Danois Per / Peder
0%
Slovaque Peter
0%
Aucun quiz correspondant
Distribution des résultats
% des personnes avec chaque résultat
Percentile par nombre de réponses
Votre historique - résultats
Vous n’avez pas pris ce quiz